000 003520000a22001450004500
003 MACL
040 _aMACL
090 _c32839
_d32837
100 _aBobrow, Jerry
245 _aGMAT CAT Computer Adaptive Graduate management Admission Test
260 _bIDG Books India
_c2002
350 _a229
650 _aGeneral Managment
942 _cBOOK
_k658/BOB
999 _c32503
_d32503